Luxembourgish speaking cities in the 19th century - Statistics

General Stats
  • This quiz has been taken 28 times
  • The average score is 5 of 18
Answer Stats
Country Population Municipality % Correct
LU 128.494 Luxembourg
100%
LU 36.177 Esch-sur-Alzette
65%
LU 21.583 Dudelange
48%
FR 40.778 Thionville
48%
BE 30.818 Arlon
43%
LU 20.408 Pétange
43%
LU 28.641 Differdange
39%
LU 11.405 Bettembourg
26%
LU 10.167 Mersch
22%
LU 15.883 Hesperange
17%
LU 10.320 Strassen
17%
LU 10.473 Mamer
13%
LU 11.141 Schifflange
13%
BE 17.417 Aubange
9%
LU 10.775 Käerjeng
4%
LU 17.949 Sanem
4%
FR 17.143 Yutz
4%
FR 11.972 Florange
0%
No matching quizzes found
Score Distribution
Percent of People with Each Score
Percentile by Number Answered
Your Score History
You have not taken this quiz